000 00898pam a2200241 i 4500
001 3225835
005 19810119000000.0
008 800306s1980 nyua b 001 0 eng
010 _a 79006786
020 _a0123435501 :
_c$26.50
040 _aDLC
_cDLC
_dDLC
050 0 0 _aTA455.P5
_bH45
082 0 0 _a620.19233
_222
_bHER
100 1 _aHertzberg, Richard W.,
_d1937-
_96313
245 1 0 _aFatigue of engineering plastics /
_cRichard W. Hertzberg, John A. Manson.
260 _aNew York :
_bAcademic Press,
_c1980.
300 _axv, 295 p. :
_bill. ;
_c24 cm.
504 _aIncludes bibliographical references and indexes.
650 0 _aPlastics
_xFatigue.
_96314
700 1 _aManson, John A.,
_d1928-
_ejoint author.
_96315
942 _2ddc
_cBB
999 _c11867
_d11867